01478nam a2200385Ia 4500001000900000003000500009005001700014008004100031010001100072020001800083040000900101082001900110245012600129250001100255260006900266300001600335400005500351503001300406504002800419590002200447650003600469650006100505650006100566650004900627650005800676650003900734700004000773700003300813901001900846902000600865905006300871942001500934999001900949952012400968dia_3092CHAP20251027144505.0220117s2002 xx 000 0 und d a173591 a1-879906-51-1 cCHAP a633.3 P67 2002 aPostharvest technology of horticultural crops /c edición Adel A. Kader ; colaboración James E. Adaskaveg...[et al.] a3a ed. aEstados Unidos de América :b University of California,c2002 avii, 535 p. aUNIVERSITY OF CALIFORNIA SPECIAL PUBLICATION, 3311 aI.222287 aIncluye bibliografías aSB 319.7 P67 2002 aAgricultural processing9154043 aCultivos alimenticiosxTecnología poscosecha 9154044 aCultivos hortícolasxTecnología poscosecha 9154045 aFood cropsxPostharvest technology 9154046 aHorticultural cropsxPostharvest technology 9154047 aProcesamiento agrícola 9154048 aAdaskaveg, James E., colab.9154049 aKader, Adel A., ed. 9154050 a633.3 P67 2002 aM a5232272002 -usaimn8222223322eng16 cLIBRO2ddc c173591d173591 00102ddc40708GRALaIA_bIA_c1d2022-01-18f1l2pdia_005780r2024-11-12 18:24:30s2024-11-12t1w2022-01-18yLIBRO